A carregar...
Subodh hindi vyakaran thadha rachana
| Autor principal: | |
|---|---|
| Formato: | Printed Book |
| Publicado em: |
Palai, Alphonsa Book Centre
1987
|
| Assuntos: |
| LEADER | 004350000a22001450004500 | ||
|---|---|---|---|
| 040 | |a HINDI | ||
| 082 | |a 491.435 M7 | ||
| 100 | |a Eladom, N R | ||
| 245 | |a Subodh hindi vyakaran thadha rachana | ||
| 260 | |a Palai, Alphonsa Book Centre | ||
| 260 | |c 1987 | ||
| 650 | |a Grammar | ||
| 650 | |a Hindi | ||
| 999 | |c 10435 |d 10435 | ||
| 952 | |0 0 |1 0 |4 0 |6 491_435000000000000_M7 |7 0 |8 HINDI |9 10230 |a MGUL |b MGUL |d 2013-07-16 |l 0 |o 491.435 M7 |p 20374 |r 2013-07-16 |w 2013-07-16 |y BK | ||